Mútacie génov a ich medicínsky dopad

Bibliographic Details
Main Author: Lešník, František, 1942- (Author)
Format: Article
Language:Slovak

MARC

LEADER 00000nab a2200000 a 4500
001 vtls010724277
003 SK-MaSNL
005 20260304190109.0
008 250709s2012 xo |||||||||||||||||slo|
035 |a (urnnbn)urn:nbn:sk:snk:ar-a04uzd 
035 |a (uuid)823a06ea-8a41-495c-bbba-81acf91f3012 
035 |a urn:nbn:sk:snk-ab3ogu 
040 |a SNKBUCL  |b slo  |c SNKBUCL  |e AACR2 
041 0 |a slo 
044 |a xo  |c SK 
100 1 |a Lešník, František,  |d 1942-  |4 aut  |9 85681 
245 1 0 |a Mútacie génov a ich medicínsky dopad  |c František Lešník 
773 0 |t Infovet : veterinársky odborno-informačný časopis  |g Roč. 19, č. 5 (2012), s. 219-222 
850 |a Slovenská národná knižnica 
852 |a Slovenská národná knižnica 
954 |a odborná, vedecká literatúra pôvodná (slovenská)  |2 lita 
958 |a article1 
958 |a OND 
958 |a EUIPO 
999 |c 3048413  |d 3050343